000
00299nam a2200121Ia 4500
008
190216s9999||||xx |||||||||||||| ||und||
100
_a
Nambiar
245
0
_a
Indiyilae Pradhana Paroksha Nikudhikal
260
_b
Kerala Bhasha Institute
_c
1974
300
_a
105p
650
_a
Economics
942
_c
BK
999
_c
39384
_d
39384